000 00459nam a2200193Ia 4500
005 20240823041907.0
008 240823s9999||||xx |||||||||||||| ||und||
020 _a81-7008-054-1
041 _aENGLISH
082 _A624 P4
100 _aPunmia B C et al.
245 0 _aSurveying : Vol.III
250 _a8th
260 _c2004
_bLaxmi Publication (P
_aNew Delhi
500 _aTRANSFERED
650 _aSurveying
_bCivil
942 _cBK
999 _c206590
_d206590